Alle Spieler in Hansi Flick's 100 ersten Spielen beim FC Barcelona - Statistiken

Allgemein
  • Dieses Quiz wurde 90 mal gespielt
  • Das Durchschnittsergebnis liegt bei 22 aus 37
Antwortstatistiken
Einsätze Nation Spieler % Korrekt
84 Polen Robert Lewandowski
99%
89 Spanien Lamine Yamal
97%
86 Spanien Pedri
97%
77 Niederlande Frenkie de Jong
94%
10 Deutschland Marc-Andre ter Stegen
94%
82 Brasilien Raphinha
94%
44 Spanien Gavi
92%
92 Frankreich Jules Kounde
89%
80 Spanien Ferran Torres
82%
35 England Marcus Rashford
77%
90 Spanien Pau Cubarsi
77%
49 Uruguay Ronald Araujo
77%
14 Spanien Pablo Torre
76%
23 Dänemark Andreas Christensen
72%
79 Spanien Fermin Lopez
72%
80 Spanien Alejandro Balde
68%
6 Portugal Joao Cancelo
68%
85 Spanien Eric Garcia
66%
77 Spanien Gerard Martin
62%
30 Spanien Joan Garcia
61%
61 Spanien Marc Casado
59%
39 Polen Wojciech Szczesny
59%
24 Spanien Marc Bernal
58%
71 Spanien Dani Olmo
57%
46 Spanien Inigo Martinez
57%
21 Schweden Roony Bardghji
51%
5 Spanien Dro Fernandez
41%
23 Spanien Inaki Pena
34%
11 Spanien Ansu Fati
33%
20 Spanien Hector Fort
28%
2 Spanien Toni Fernandez
24%
29 Spanien Pau Victor
19%
1 Spanien Tommy Marques
14%
4 Spanien Jofre Torrents
13%
1 Spanien Dani Rodriguez
11%
6 Spanien Sergi Dominguez
10%
1 Spanien Andres Cuenca
6%
Keine übereinstimmenden Quizze gefunden
Verteilung der Resultate
Anzahl Personen mit jedem Resultat
Perzentil nach korrekt beantworteten Fragen
Ihre Resultats-Entwicklung
Sie haben dieses Quiz noch nicht gespielt